Statistics for Best-Selling Sonic Games

Click here to take the quiz!

General Stats

  • This quiz has been taken 987 times
  • The average score is 7 of 10

Answer Stats

RankSalesYearPlatformAnswer% Correct
44.34 Million1991GenesisSonic the Hedgehog
95%
16.03 Million1992GenesisSonic the Hedgehog 2
92%
63.69 Million1998DreamcastSonic Adventure
89%
102.68 Million2001DreamcastSonic Adventure 2
81%
34.49 Million2008Wii, PS2, PS3, 360Sonic Unleashed
76%
92.72 Million2011PS3, 360, 3DSSonic Generations
75%
25.99 Million2003PS2, GC, XBSonic Heroes
70%
54.22 Million2001GBASonic Advance
61%
83.05 Million2005DSSonic Rush
61%
73.43 Million2010Wii, DS, PS3, 360, PC, MacSonic & SEGA All-Stars Racing
15%

Score Distribution

Percentile by Number Answered

Percent of People with Each Score

Your Score History

You have not taken this quiz